000 00543nam a2200181Ia 4500
999 _c11244
_d11244
003 OSt
005 20191226115316.0
008 190216s9999||||xx |||||||||||||| ||und||
020 _a9789350974087
040 _coclc
082 _a330.015195
_bBOS/I
100 _aBose, D
_9781
245 3 _aAn Introduction To Mathematical Methods /
_c D Bose
260 _bHimalaya Publishing House,
_c2012.
_aNew Delhi:
300 _a435p
650 _aMathematical Methods
942 _cBK
_2ddc
_h330.015195
_iBOS/I
_k330.015195
_mBOS/I